1105 1978 1263 1620 1274 1546 1300 1719 1923 1872 1734 1355 1328 1110 1798 1816 1368 1169 1400 1433 1090 1938 1518 1269 1402 1120 1571 1386 1973 1868 1001 1672 1477 1001 1632 1551 1414 1112 1144 1372 1522 1683 1968 1992 1566 1710 1542 1938 1223 1896 1374 1576 1935 1722 1069 1626 1587 1684 1378 1495 1535 1511 1586 1095 1388 1664 1438 1551 1929 1452 1366 1590 1387 1508 1950 1710 1206 1561 1669 1601 1648 1819 1504 1457 1643 1431 1988 1963 1294 1140 1473 1729 1070 1471 1946 1797 1336 1678 1987 BCNSPRNW ULIB Ver.6.0+V

เปลี่ยนเป็นภาษาไทย

Change to English
 แสดงรายละเอียดบรรณานุกรม
  กลับหน้าหลัก

Brief Record : Get Marc (ISO 2709) : E-mail record : QR code < ปิดหน้าต่าง
LEADER : 00000nam 2200000uu 4500
001    13399112781
003     ULIB
008    110908s2551||||th 000 0 tha d
020    9789742357160
050 04 LB1053.53^bศ541ด 2551
100 0  ศิวกานท์ ปทุมสูติ
245 10 เด็กอ่านไม่ออกเขียนไม่ได้แก้ง่ายนิดเดียว /^cศิวกานท์ ปทุมสูติ
250    พิมพ์ครั้งที่ 8
260    กรุงเทพฯ :^bนวสานส์การพิมพ์,^c2551
300    264 หน้า :^bภาพประกอบ
650  7 ภาษาไทย^xการอ่าน
650  7 ภาษาไทย^xการเขียน
650  7 ภาษาไทย^xการใช้ภาษา
945    ^p190^l0^i027181
945    ^p190^l0^i027182
995    ทศพร
999 ^a ทศพร
รายการนี้ยังไม่มีแท็ก
คุณยังไม่ได้ล็อกอิน คุณสามารถมีกิจกรรมร่วมกับเว็บไซต์ได้ แต่ต้องล็อกอินก่อน ::
  ล็อกอิน

รายการสื่อสารสนเทศ

ลำดับที่ ประเภท เลขเรียก/บาร์โค้ด สถานที่ สถานะ
- ไม่พบข้อมูล -

BibComment


ยังไม่เคยถูกคอมเมนท์

คอมเมนท์ทรัพยากรรายการนี้
  คอมเมนท์: เด็กอ่านไม่ออกเขี..


 Copyright 2026. Bcnsprnw @Library